En cuerpo de camisa de Luis Rafael Sánchez : la antiliteratura alegórica de otro puertorriqueño /

שמור ב:
מידע ביבליוגרפי
מחבר ראשי: Cachán, Manuel
פורמט: לא ידוע
שפה:Spanish
תגים: הוספת תג
אין תגיות, היה/י הראשונ/ה לתייג את הרשומה!

MARC

LEADER 000000000a22000000004500
001 010021
041 0 |a spa 
100 1 |a Cachán, Manuel 
245 1 0 |a En cuerpo de camisa de Luis Rafael Sánchez :   |b la antiliteratura alegórica de otro puertorriqueño /   |c Manuel Cachán. 
310 |a Semestral 
773 0 |d Pennsylvania, Estados Unidos : Instituto Internacional de Literatura Iberoamericana  |t Revista Iberoamericana  |g volumen 59, número 162-163 (1993), páginas 177-186 
942 |c ARC 
999 |c 17113  |d 17113